| 000 | 00477nam a22001697a 4500 | ||
|---|---|---|---|
| 008 | 140604b xxu||||| |||| 00| 0 eng d | ||
| 020 | _a9781841130415 | ||
| 050 | _aK230.D9 L39 1998 | ||
| 100 |
_aDworkin,Ronald _910575 |
||
| 245 |
_aLaw's Empire _cRonald Dworkin |
||
| 260 |
_aLondon _bHart Publishing _c1998 |
||
| 300 |
_axii,469p.; _c20cm. |
||
| 650 |
_aLaw _xPhilosophy _910576 |
||
| 650 |
_aJurisprudence _910577 |
||
| 650 |
_aCommon Law _910578 |
||
| 942 |
_2lcc _cMONOGRAPH |
||
| 999 |
_c120608 _d120608 |
||